000 00989nam a2200313Ia 4500
003 OSt
005 20221007122758.0
006 a|||||r|||| 00| 0
007 ta
008 221006b |||||||| |||| 00| 0 eng d
020 _a9780070151505 (pbk)
024 _a186241
037 _b40, 23/07/2012, Dhanraj Book House
_cTextual
040 _aPAPL
_cPAPL
_beng
041 _2eng
_aeng
082 _aD65,8(B), P3 Carpa
100 _aHSU Hwei P
245 0 _aAnalog and digital communications
_b Mitra Debjani
250 _a3
260 _aNew
_bDelhi TMH
_c2003
300 _ax,369p.
_ccm.
500 _aAppendices A.1-C.2p.; Index I.1-2p.
650 _a Analog communication systems
_9715169
650 _a Digital communications
_9715170
650 _aComputer science
700 _a Mitra Debjani
_9429635
942 _hD65,8(B), P3 Carpa
_cTEXL
_2CC
999 _c1210910
_d1210910